Deutschland-Quiz - Sudden Death - Statistiken

Allgemein
  • Dieses Quiz wurde 532 mal gespielt
  • Das Durchschnittsergebnis liegt bei 5 aus 10
Answers on the Grid
Answers color-coded by a green-red scale on the quiz's grid according to % correct below.
Deutschland grenzt an Tschechien
Dies ist die Flagge Deutschlands: 🇩🇪
Das größte Bundesland ist Bayern
Deutschland hat 15 offizielle Bundesländer
Es leben mehr als 90 Millionen Menschen in Deutschland
Deutschlands größte Insel ist Sylt
Deutschland hat erst zweimal den ESC gewonnen
Deutschland grenzt an ein Land mit dieser Flagge: 🇧🇪
Deutschland hat mehr Einwohner als alle seine Nachbarländer
(Jedes Land einzeln)
Im Spanischen beginnt Deuschland mit einem "E"
Der aktuelle Bundeskanzler ist Angela Merkel
Innsbruck ist eine Stadt in Deuschland
In Deutschland leben ca. 1 Millionen mehr Frauen als Männer
Deutschland wird generell zu den D-A-CH- Ländern gezählt
Deutschland ist Teil der Europäischen Union
Das KFZ-Kennzeichen von Deutschland hat die Abkürzung "DE"
Deuschland ist größer als Sambia
Deutschland hat mehr Einwohner als die Türkei
Die Hauptstadt von Thüringen ist Erfurt
Das nördlichste Bundesland ist Mecklenburg-Vorpommern
 
Antwortstatistiken
Antwort % Korrekt
Deutschland ist Teil der Europäischen Union
68%
Deutschland grenzt an Tschechien
67%
Dies ist die Flagge Deutschlands: 🇩🇪
64%
Deutschland grenzt an ein Land mit dieser Flagge: 🇧🇪
59%
Das größte Bundesland ist Bayern
58%
Die Hauptstadt von Thüringen ist Erfurt
56%
Deutschland wird generell zu den D-A-CH- Ländern gezählt
52%
Deutschland hat mehr Einwohner als alle seine Nachbarländer
(Jedes Land einzeln)
49%
Deutschland hat erst zweimal den ESC gewonnen
41%
In Deutschland leben ca. 1 Millionen mehr Frauen als Männer
26%
Keine übereinstimmenden Quizze gefunden
Verteilung der Resultate
Anzahl Personen mit jedem Resultat
Perzentil nach korrekt beantworteten Fragen
Ihre Resultats-Entwicklung
Sie haben dieses Quiz noch nicht gespielt